Избранные романсы (Запись № 11581699)

Подробности
000 -МАРКЕР
контрольное поле 03065ncm0a22004091 4500
001 - ИДЕНТИФИКАТОР ЗАПИСИ
контрольное поле RU\NLR\ONIZ\218876
005 - ИДЕНТИФИКАТОР ВЕРСИИ
контрольное поле 20250626062719.0
035 ## - ДРУГИЕ СИСТЕМНЫЕ НОМЕРА
Идентификатор записи RU\NLR\ONIZ\GALA\5000030728\20170622121128
035 ## - ДРУГИЕ СИСТЕМНЫЕ НОМЕРА
Идентификатор записи (NLR Aleph) 011415362
071 20 - ИЗДАТЕЛЬСКИЙ НОМЕР
Номер, присвоенный агентством м 16956 г
100 ## - ДАННЫЕ ОБЩЕЙ ОБРАБОТКИ
Данные общей обработки 20170622d1940 |||y0rusy50 ca
101 0# - ЯЗЫК РЕСУРСА
Язык текста, звукозаписи и т.д. русский
102 ## - СТРАНА ПУБЛИКАЦИИ ИЛИ ПРОИЗВОДСТВА
Страна публикации российская федерация
125 ## - ПОЛЕ КОДИРОВАННЫХ ДАННЫХ: ЗВУКОЗАПИСИ И НОТНЫЕ ИЗДАНИЯ
Форма изложения нотного текста ax
200 1# - ЗАГЛАВИЕ И СВЕДЕНИЯ ОБ ОТВЕТСТВЕННОСТИ
Основное заглавие Избранные романсы
Общее обозначение материала Ноты
Сведения, относящиеся к заглавию (меццо-сопрано или баритон) [в сопровожд. фп.]
Первые сведения об ответственности П. И. Чайковский
Последующие сведения об ответственности ред. А. Карцева, В. Товстолужского
210 ## - ПУБЛИКАЦИЯ, РАСПРОСТРАНЕНИЕ И ДР.
Место издания, распространения и т.д. Москва
Имя издателя, распространителя и т. д. Музгиз
Дата издания, распространения и т.д. 1940
215 ## - ФИЗИЧЕСКАЯ ХАРАКТЕРИСТИКА
Специфическое обозначение материала и объем 107 с.
Другие сведения о физической характеристике портр.
Размеры 29 см
327 1# - ПРИМЕЧАНИЯ О СОДЕРЖАНИИ
Текст примечания И больно, и сладко / сл. Е. Ростопчиной ; Слеза дрожит / сл. А. Толстого ; Отчего? / сл. Л. Мея ; Нет, только тот, кто знал / сл. Л. Мея ; Забыть так скоро / сл. А. Апухтина ; Погоди! / сл. Н. Грекова ; Хотел бы в единое слово / сл. Л. Мея ; Моя баловница / сл. Л. Мея ; Он так меня любил / сл. А. К. Тостого ; Страшная минута / сл. N. N. (П. Чайковского) ; Серенада дон Жуана / сл. А. К. Толстого ; То было раннею весной / сл. А. К. Толстого ; Средь шумнго бала / сл. А. К. Толстого ; День ли царит... / сл. А. Апухтина ; Я ли в поле да не травушка была / сл. И. Сурикова ; Песня цыганки / сл. Я. Полонского ; Нам звёзды кроткие сияли / сл. А. Плещеева ; Растворил я окно / сл. К. Р. ; Серенада: "Ты куда летишь" / сл. Эд. Туркети ; Чаровница / сл. П. Коллэна ; Мы сидели с тобой / сл. Д. Ратгауза ; В эту лунную ночь / сл. Д. Ратгауза ; Закатилось солнце / сл. Д. Ратгауза
606 1# - НАИМЕНОВАНИЕ ТЕМЫ КАК ПРЕДМЕТ
Наименование темы Романсы для среднего голоса и фортепиано
Географический подзаголовок Россия
Хронологический подзаголовок 19 в.
Формальный подзаголовок Ноты
Код системы nlr_sh
686 ## - ИНДЕКСЫ ДРУГИХ КЛАССИФИКАЦИЙ
Индекс Щ943.2-42-043.3я44(28)
Издание LBC/SL
Код системы
700 #1 - ИМЯ ЛИЦА - ПЕРВИЧНАЯ ОТВЕТСТВЕННОСТЬ
Системный номер авторитетной/нормативной записи z01790
Начальный элемент ввода Чайковский
Часть имени, кроме начального элемента ввода П. И.
Даты 1840-1893
Расширение инициалов личного имени Петр Ильич
Код отношения Композитор
Графика поля Кириллица
702 #1 - ИМЯ ЛИЦА - ВТОРИЧНАЯ ОТВЕТСТВЕННОСТЬ
Системный номер авторитетной/нормативной записи z02790
Начальный элемент ввода Карцев
Часть имени, кроме начального элемента ввода А.
Расширение инициалов личного имени А.
Код отношения Редактор
702 #1 - ИМЯ ЛИЦА - ВТОРИЧНАЯ ОТВЕТСТВЕННОСТЬ
Системный номер авторитетной/нормативной записи z03790
Начальный элемент ввода Товстолужский
Часть имени, кроме начального элемента ввода В.
Расширение инициалов личного имени В.
Код отношения Редактор
790 #1 - ИМЯ ЛИЦА - АЛЬТЕРНАТИВНАЯ ФОРМА
Системный номер авторитетной/нормативной записи z01700
Начальный элемент ввода Chajkovskij
Часть имени, кроме начального элемента ввода P. I.
Даты 1840-1893
Расширение инициалов личного имени Pyotr Il`ich
Код отношения Композитор
Графика поля Латинская
790 #1 - ИМЯ ЛИЦА - АЛЬТЕРНАТИВНАЯ ФОРМА
Системный номер авторитетной/нормативной записи z02702
Начальный элемент ввода Karczev
Часть имени, кроме начального элемента ввода A.
Расширение инициалов личного имени A.
Код отношения Редактор
790 #1 - ИМЯ ЛИЦА - АЛЬТЕРНАТИВНАЯ ФОРМА
Системный номер авторитетной/нормативной записи z03702
Начальный элемент ввода Tovstoluzhskij
Часть имени, кроме начального элемента ввода V.
Расширение инициалов личного имени V.
Код отношения Редактор
801 #0 - ИСТОЧНИК ЗАПИСИ
Страна российская федерация
Организация NLR
Дата составления 20170622
Правила каталогизации PSBO
801 #1 - ИСТОЧНИК ЗАПИСИ
Страна российская федерация
Организация NLR
Дата составления 20170622
Источник данных rusmarc
801 #2 - ИСТОЧНИК ЗАПИСИ
Страна российская федерация
Организация NLR
Дата составления 20180821
852 ## - МЕСТОНАХОЖДЕНИЕ И ШИФР ХРАНЕНИЯ
Идентификатор организации NLR
Наименование фонда или коллекции (Sub-Location Identifier) М
Шифр хранения (Call Number) 3/10177
Страна
Номер экземпляра 1
852 ## - МЕСТОНАХОЖДЕНИЕ И ШИФР ХРАНЕНИЯ
Идентификатор организации NLR
Наименование фонда или коллекции (Sub-Location Identifier) М
Шифр хранения (Call Number) 235-3/Ч.154
Страна
Номер экземпляра 2
852 ## - МЕСТОНАХОЖДЕНИЕ И ШИФР ХРАНЕНИЯ
Идентификатор организации NLR
Наименование фонда или коллекции (Sub-Location Identifier) М
Шифр хранения (Call Number) 235-3/Ч.154а
Страна
Номер экземпляра 3
942 ## - ДОПОЛНИТЕЛЬНЫЕ ЭЛЕМЕНТЫ ЗАПИСИ (АБИС)
Тип экземпляра АБИС Ноты
980 ## - КОЛЛЕКЦИЯ
Название коллекции Национальная библиография
980 ## - КОЛЛЕКЦИЯ
Название коллекции Отдел нот и звукозаписей
Экземпляры
Тип экземпляра Дата поступления Библиотека постоянного хранения Библиотека текущего хранения Место хранения Шифр хранения Статус не для выдачи
Ноты 22.06.2017 РНБ (Московский) РНБ (Московский) Фонд нот и звукозаписей 3/10177 3/10177  
Ноты 22.06.2017 РНБ (Московский) РНБ (Московский) Фонд нот и звукозаписей 235-3/Ч.154 235-3/Ч.154  
Ноты 22.06.2017 РНБ (Московский) РНБ (Московский) Фонд нот и звукозаписей 235-3/Ч.154а 235-3/Ч.154а